[Event "IECG CN.2002.0.00288 email"]
[Site "IECG email"]
[Date "2002.04.03"]
[Round "?"]
[White "Clark, De"]
[Black "McCarthy, Robert"]
[Result "1-0"]
[WhiteElo "591"]
[BlackElo "800"]
[PlyCount "87"]
[EventDate "2002.04.03"]
[EventType "tourn (corr)"]
[EventRounds "6"]
[SourceTitle "Corr 2008"]
[Source "ChessBase"]
[SourceDate "2008.06.24"]
[SourceVersion "1"]
[SourceVersionDate "2008.06.24"]
[SourceQuality "1"]

1. e4 e5 2. d4 exd4 3. Qxd4 Nc6 4. Qd1 Bb4+ 5. Nc3 Nf6 6. Bg5 0-0 7. Nge2 h6 8. Bxf6 Qxf6 9. a3 Bxc3+ 10. Nxc3 d6 11. Bd3 Be6 12. 0-0 Rae8 13. f4 Qd4+ 14. Rf2 Bc4 15. Ne2 Qc5 16. b4 Qb5 17. Nc3 Qa6 18. Nd5 Bxd3 19. Nxc7 Bxc2 20. Qxc2 Nd4 21. Qd1 Qb6 22. Nd5 Qc6 23. Qxd4 f5 24. Re1 fxe4 25. Rxe4 Rxe4 26. Qxe4 Re8 27. Ne7+ Kf7 28. Qxc6 bxc6 29. Nxc6 a6 30. Rd2 Re1+ 31. Kf2 Ra1 32. Rxd6 Ra2+ 33. Ke3 Rxa3+ 34. Ke4 Ra2 35. Ne5+ Ke7 36. Rd7+ Kf8 37. g4 Rxh2 38. Ng6+ Ke8 39. Rxg7 Rb2 40. Kf5 Rxb4 41. Ne5 a5 42. Rh7 a4 43. Rxh6 a3 44. Rh8+ 1-0

[Event "IECG CN.2001.0.00235"]
[Site "IECG email"]
[Date "2001.02.11"]
[Round "?"]
[White "Jacquelin, Xavier"]
[Black "McCarthy, Robert"]
[Result "0-1"]
[WhiteElo "605"]
[BlackElo "800"]
[PlyCount "40"]
[EventDate "2001.02.11"]
[EventType "tourn (corr)"]
[EventRounds "6"]
[SourceTitle "Corr 2008"]
[Source "ChessBase"]
[SourceDate "2008.06.24"]
[SourceVersion "1"]
[SourceVersionDate "2008.06.24"]
[SourceQuality "1"]

1. e4 e5 2. Nf3 Nc6 3. d4 exd4 4. Nxd4 Bc5 5. Be3 Nxd4 6. Bxd4 Bxd4 7. Qxd4 Qf6 8. Qxf6 Nxf6 9. Nc3 0-0 10. Bc4 c6 11. 0-0 a6 12. Rad1 d5 13. exd5 b5 14. Bb3 c5 15. Rfe1 c4 16. Bxc4 bxc4 17. d6 Bf5 18. Rd2 Rfe8 19. Rxe8+ Rxe8 20. Na4 Re1# 0-1

[Event "IECG CN.2001.0.00235"]
[Site "IECG email"]
[Date "2001.02.11"]
[Round "?"]
[White "McCarthy, Robert"]
[Black "Easton, Billy"]
[Result "1/2-1/2"]
[WhiteElo "800"]
[BlackElo "800"]
[PlyCount "64"]
[EventDate "2001.02.11"]
[EventType "tourn (corr)"]
[EventRounds "6"]
[SourceTitle "Corr 2008"]
[Source "ChessBase"]
[SourceDate "2008.06.24"]
[SourceVersion "1"]
[SourceVersionDate "2008.06.24"]
[SourceQuality "1"]

1. e4 e5 2. Nf3 Nc6 3. Bb5 d6 4. d4 Bg4 5. dxe5 dxe5 6. Qxd8+ Rxd8 7. 0-0 Bxf3 8. gxf3 Nf6 9. Be3 a6 10. Bxc6+ bxc6 11. Nc3 Be7 12. Rad1 0-0 13. Rxd8 Rxd8 14. Rd1 Rxd1+ 15. Nxd1 c5 16. Nc3 Nd7 17. Nd5 Bd6 18. f4 c6 19. fxe5 Nxe5 20. Nc3 Nc4 21. b3 Nxe3 22. fxe3 g5 23. a3 Kg7 24. Kg2 Kg6 25. a4 g4 26. Ne2 Kg5 27. h3 h5 28. Nc1 a5 29. hxg4 Kxg4 30. Nd3 h4 31. Nf2+ Kg5 32. Kf3 Bg3 1/2-1/2

[Event "IECG CN.2001.0.00235"]
[Site "IECG email"]
[Date "2001.02.11"]
[Round "?"]
[White "McCarthy, Robert"]
[Black "Woodfin, David"]
[Result "0-1"]
[WhiteElo "800"]
[BlackElo "800"]
[PlyCount "38"]
[EventDate "2001.02.11"]
[EventType "tourn (corr)"]
[EventRounds "6"]
[SourceTitle "Corr 2008"]
[Source "ChessBase"]
[SourceDate "2008.06.24"]
[SourceVersion "1"]
[SourceVersionDate "2008.06.24"]
[SourceQuality "1"]

1. e4 e5 2. Nf3 d6 3. Bb5+ c6 4. Ba4 b5 5. Bb3 Nf6 6. d3 a5 7. Ng5 d5 8. 0-0 a4 9. Bxd5 cxd5 10. exd5 Nxd5 11. Qf3 f6 12. Nc3 Bb7 13. Ne6 Qd7 14. Qh3 Qc6 15. Nxf8 Kxf8 16. Nxd5 Qxd5 17. Bd2 g5 18. Qh6+ Kf7 19. Rfe1 Qxg2# 0-1